|
|
|
|
| LEADER |
01045nam a2200313 a 4500 |
| 001 |
000060592 |
| 003 |
CZ BrMZK |
| 005 |
20211207191206.0 |
| 007 |
ta |
| 008 |
950313s1996 xr g f cze d |
| 015 |
|
|
|a cnb000126181
|
| 020 |
|
|
|a 80-7170-501-2
|
| 040 |
|
|
|a BOA001
|b cze
|
| 072 |
|
7 |
|a 821.111-3
|x Anglická próza, anglicky psaná
|2 Konspekt
|9 25
|
| 080 |
|
|
|a 821.111-31
|2 MRF
|
| 080 |
|
|
|a (0:82-312.5)
|2 MRF
|
| 100 |
1 |
|
|a Erickson, Lynn
|7 mzk2002105435
|4 aut
|
| 245 |
1 |
0 |
|a Návrat z temnot /
|c Lynn Ericksonová ; [překlad: Michal Vrbovec].
|
| 260 |
|
|
|a Praha :
|b Harlequin,
|c 1996
|
| 300 |
|
|
|a 247 s. ;
|c 18 cm
|
| 490 |
1 |
|
|a Superromance ;
|v 33 (X 02/96)
|
| 655 |
|
7 |
|a anglicky psané romány
|7 fd131805
|2 czenas
|
| 655 |
|
7 |
|a milostné romány
|7 fd132840
|2 czenas
|
| 700 |
1 |
|
|a Vrbovec, Michal
|7 jx20040720100
|4 trl
|
| 765 |
0 |
|
|t Out of the darkness
|
| 830 |
|
0 |
|a Superromance
|
| 910 |
|
|
|a BOA001
|b 1-1018.498
|
| 990 |
|
|
|a BK
|
| 996 |
6 |
|
|b 2610033968
|c 1-1018.498
|l MZK
|r Sklad / do 1 hodiny
|n 9
|p p.v. ;
|w 000060592
|u 000010
|a 1
|e BOA001
|j MZK50
|s P
|